Statistiques concernant Top 15 des pays avec les décès de Covid-19 - 1 septembre 2021

Cliquez ici pour prendre le quiz!

Statistiques générales

  • Ce quiz a été pris 21 fois
  • Le résultat moyen est 13 sur 25

Statistiques - réponses

pays% Correct
Etats-Unis
100%
France
100%
Espagne
92%
Allemagne
83%
Brésil
83%
Inde
83%
Italie
83%
Mexique
83%
Russie
83%
Argentine
75%
Royaume-Uni
75%
Belgique
58%
Colombie
42%
Indonésie
42%
Iran
33%
Bosnie-Herzégovine
25%
Bulgarie
25%
Pérou
25%
Croatie
17%
Hongrie
17%
Macédoine du Nord
17%
Slovaquie
17%
Slovénie
17%
Tchèquie
17%
Paraguay
8%

Distribution des résultats

Percentile par nombre de réponses

% des personnes avec chaque résultat

Votre développement - résultats

Vous n’avez pas pris ce quiz